[Event "Ð§ÐµÐ¼Ð¿Ð¸Ð¾Ð½Ð°Ñ‚ ÐŸÐ¤Ðž Ð¿Ð¾ ÑˆÐ°Ñ…Ð¼Ð"]
[Site "Ð�Ð°Ð±ÐµÑ€ÐµÐ¶Ð½Ñ‹Ðµ Ð§ÐµÐ»Ð½Ñ"]
[Date "2024.03.24"]
[Round "5.1"]
[White "Ð¨Ð°Ñ„Ð¸Ð³ÑƒÐ»Ð»Ð¸Ð½Ð°, Ð—Ð°Ñ€Ð¸Ð½Ð°."]
[Black "Ð”Ð¾Ð»Ð¸Ð½Ñ�ÐºÐ°Ñ�, ÐœÐ°Ñ€Ð¸Ñ�."]
[Result "0-1"]
[WhiteElo "2094"]
[BlackElo "1870"]
[PlyCount "132"]
[EventDate "2024.03.20"]

1. d4 d5 2. c4 e6 3. Nf3 Nf6 4. g3 dxc4 5. Bg2 Nc6 6. Qa4 Nd7 7. Qxc4 Nb6 8.
Qd3 e5 9. Nxe5 Nb4 10. Qd1 Qxd4 11. Qxd4 Nc2+ 12. Kf1 Nxd4 13. Nc3 Bd6 14. Nd3
c6 15. Bf4 Bxf4 16. Nxf4 Bf5 17. h4 h6 18. Kg1 O-O-O 19. h5 Nc4 20. b3 Ne5 21.
Be4 Bxe4 22. Nxe4 g5 23. hxg6 fxg6 24. e3 Ndf3+ 25. Kg2 Nd2 26. Nc3 Rd6 27.
Rad1 g5 28. Nfe2 Rd3 29. Na4 Rf8 30. Nc5 Rd5 31. Nd4 b6 32. Nce6 Rf6 33. Nxg5
hxg5 34. Rxd2 g4 35. Rc2 Kb7 36. Rh7+ Ka6 37. Rh5 c5 38. Ne2 Rxf2+ 39. Kxf2
Nd3+ 40. Kg1 Rxh5 41. Nf4 Ne1 42. Nxh5 Nxc2 43. Kf2 Nb4 44. Nf6 Nxa2 45. Nxg4
Nc1 46. Ne5 Nxb3 47. Ke2 b5 48. g4 c4 49. g5 Nc5 50. g6 Ne6 51. Nd7 Ng7 52. e4
Kb7 53. Ke3 Kc6 54. Ne5+ Kd6 55. Ng4 Ke6 56. Kd4 a5 57. Kc3 Ne8 58. Ne3 Kf6 59.
Nxc4 bxc4 60. Kxc4 Nd6+ 61. Kc5 Nb7+ 62. Kc6 Kxg6 63. Kxb7 a4 64. Kc6 a3 65. e5
a2 66. e6 a1=Q 0-1

[Event "Ð§ÐµÐ¼Ð¿Ð¸Ð¾Ð½Ð°Ñ‚ ÐŸÐ¤Ðž Ð¿Ð¾ ÑˆÐ°Ñ…Ð¼Ð"]
[Site "Ð�Ð°Ð±ÐµÑ€ÐµÐ¶Ð½Ñ‹Ðµ Ð§ÐµÐ»Ð½Ñ"]
[Date "2024.03.24"]
[Round "5.2"]
[White "Ð˜Ð»ÑŽÑˆÐ¸Ð½Ð°, ÐžÐ»ÑŒÐ³Ð°."]
[Black "Ð¢Ð°Ð±ÐµÑ€Ð¼Ð°ÐºÐ¾Ð²Ð°, Ð›ÐµÐ¹Ð»Ð°."]
[Result "1-0"]
[WhiteElo "1984"]
[BlackElo "2017"]
[PlyCount "97"]
[EventDate "2024.03.20"]

1. e4 c5 2. Nf3 e6 3. d3 Nc6 4. g3 d5 5. Nbd2 Nf6 6. Bg2 Be7 7. O-O O-O 8. Re1
dxe4 9. dxe4 e5 10. c3 Be6 11. Qe2 Rb8 12. a4 Qc7 13. Nh4 g6 14. Nc4 Bxc4 15.
Qxc4 Na5 16. Qe2 Nd7 17. Bh6 Rfd8 18. Bh3 c4 19. Bxd7 Qxd7 20. Red1 Qe6 21. Nf3
Nb3 22. Rab1 Nc5 23. Be3 Nxa4 24. Bxa7 Ra8 25. Rxd8+ Rxd8 26. Qc2 b5 27. Be3
Bc5 28. b3 cxb3 29. Qxb3 Qf6 30. Kg2 Bxe3 31. fxe3 Rc8 32. Qxb5 Nxc3 33. Qb7
Rf8 34. Rc1 Na2 35. Rc6 Qd8 36. Rc2 Qa5 37. Qb3 Ra8 38. Ng5 Ra7 39. Rf2 Qb4 40.
Qd5 Nc3 41. Qxe5 Re7 42. Qd4 Qa5 43. Rb2 Re8 44. Qd7 Rf8 45. h4 h6 46. Ne6 fxe6
47. Rb7 Rf2+ 48. Kh3 Qe5 49. Qe8+ 1-0

[Event "Ð§ÐµÐ¼Ð¿Ð¸Ð¾Ð½Ð°Ñ‚ ÐŸÐ¤Ðž Ð¿Ð¾ ÑˆÐ°Ñ…Ð¼Ð"]
[Site "Ð�Ð°Ð±ÐµÑ€ÐµÐ¶Ð½Ñ‹Ðµ Ð§ÐµÐ»Ð½Ñ"]
[Date "2024.03.24"]
[Round "5.3"]
[White "Ð¤ÐµÑ„ÐµÐ»Ð¾Ð²Ð°, Ð•ÐºÐ°Ñ‚ÐµÑ€Ð¸Ð½Ð°."]
[Black "ÐšÐ»ÐµÐ¹Ð¼ÐµÐ½Ð¾Ð²Ð°, Ð’Ð°Ð»ÐµÑ€Ð¸Ñ�."]
[Result "0-1"]
[WhiteElo "1751"]
[BlackElo "2165"]
[PlyCount "62"]
[EventDate "2024.03.20"]

1. e4 c5 2. Nf3 d6 3. Bb5+ Bd7 4. Bxd7+ Qxd7 5. O-O Nc6 6. c3 d5 7. e5 e6 8. d4
Rc8 9. Be3 Na5 10. Nbd2 cxd4 11. cxd4 Ne7 12. Nb3 Nc4 13. Nc5 Qb5 14. Nd3 Nf5
15. a4 Qb6 16. Qe2 Be7 17. g4 Nfxe3 18. fxe3 O-O 19. Rfc1 Rc6 20. Rc3 Rfc8 21.
Rac1 Qa6 22. b3 Nxe5 23. Rxc6 Nxf3+ 24. Qxf3 Rxc6 25. Rf1 f6 26. Ne5 Rc2 27. g5
Qe2 28. Qh3 fxe5 29. g6 h5 30. Qxe6+ Kh8 31. Qxe5 Qg2# 0-1

[Event "Ð§ÐµÐ¼Ð¿Ð¸Ð¾Ð½Ð°Ñ‚ ÐŸÐ¤Ðž Ð¿Ð¾ ÑˆÐ°Ñ…Ð¼Ð"]
[Site "Ð�Ð°Ð±ÐµÑ€ÐµÐ¶Ð½Ñ‹Ðµ Ð§ÐµÐ»Ð½Ñ"]
[Date "2024.03.24"]
[Round "5.4"]
[White "Ð�Ð°Ð³Ð°ÐµÐ²Ð°, Ð�Ð»Ð¸Ñ�."]
[Black "Ð“Ð¸Ð»Ñ�Ð·Ð¾Ð²Ð°, Ð�Ð»ÑŒÑ„Ð¸Ñ�."]
[Result "1-0"]
[WhiteElo "1946"]
[BlackElo "1561"]
[PlyCount "51"]
[EventDate "2024.03.20"]

1. d4 Nf6 2. Nc3 d5 3. Bf4 e6 4. e3 a6 5. Nf3 c5 6. Ne5 Nc6 7. Nxc6 bxc6 8. Be2
Bd6 9. Bg3 O-O 10. O-O cxd4 11. exd4 Re8 12. Re1 Bxg3 13. hxg3 e5 14. dxe5 Rxe5
15. Bd3 Bg4 16. Qd2 Rxe1+ 17. Rxe1 Qd6 18. Qf4 Qd7 19. Na4 Nh5 20. Qd4 Rd8 21.
Nc5 Qc8 22. Bxa6 Qf5 23. f3 Bxf3 24. gxf3 h6 25. g4 Qxf3 26. gxh5 1-0

[Event "Ð§ÐµÐ¼Ð¿Ð¸Ð¾Ð½Ð°Ñ‚ ÐŸÐ¤Ðž Ð¿Ð¾ ÑˆÐ°Ñ…Ð¼Ð"]
[Site "Ð�Ð°Ð±ÐµÑ€ÐµÐ¶Ð½Ñ‹Ðµ Ð§ÐµÐ»Ð½Ñ"]
[Date "2024.03.24"]
[Round "5.5"]
[White "Ð�Ð¾Ñ�Ð°Ñ‡ÐµÐ²Ð°, ÐœÐ°Ñ€Ð¸Ñ�."]
[Black "Ð˜Ð²Ð°Ð½Ð¾Ð²Ð°, Ð�Ñ€Ð¸Ð½Ð°."]
[Result "1-0"]
[WhiteElo "2103"]
[BlackElo "1765"]
[PlyCount "63"]
[EventDate "2024.03.20"]

1. Nf3 Nf6 2. g3 g6 3. Bg2 Bg7 4. O-O O-O 5. d3 d5 6. c3 c5 7. Bf4 Nc6 8. Ne5
Nd7 9. Nxc6 bxc6 10. Bc1 e6 11. c4 a5 12. Nc3 Ba6 13. Na4 Rc8 14. Qc2 dxc4 15.
dxc4 Ne5 16. Rd1 Qe7 17. Be3 Nd7 18. Rxd7 Qxd7 19. Nxc5 Qa7 20. Nxe6 c5 21.
Nxf8 Rxf8 22. Rd1 Rb8 23. Bf4 Rf8 24. b3 Bc8 25. Bd6 Rd8 26. Rd5 Qa8 27. Bxc5
Rxd5 28. Bxd5 Bb7 29. Bxb7 Qxb7 30. Qd3 Qc8 31. Bb6 Bf6 32. Bxa5 1-0

[Event "Ð§ÐµÐ¼Ð¿Ð¸Ð¾Ð½Ð°Ñ‚ ÐŸÐ¤Ðž Ð¿Ð¾ ÑˆÐ°Ñ…Ð¼Ð"]
[Site "Ð�Ð°Ð±ÐµÑ€ÐµÐ¶Ð½Ñ‹Ðµ Ð§ÐµÐ»Ð½Ñ"]
[Date "2024.03.24"]
[Round "5.6"]
[White "ÐšÑƒÐ·Ð½ÐµÑ†Ð¾Ð²Ð°, ÐŸÐ¾Ð»Ð¸Ð½Ð°."]
[Black "Ð§ÐµÐºÐ¼Ð°Ñ€ÐµÐ²Ð°, Ð›Ð¸Ñ�."]
[Result "1/2-1/2"]
[WhiteElo "1924"]
[BlackElo "1903"]
[PlyCount "124"]
[EventDate "2024.03.20"]

1. e4 c5 2. Nf3 Nc6 3. d4 cxd4 4. Nxd4 Qb6 5. Nb3 Nf6 6. Nc3 e6 7. Qe2 d6 8. g4
a6 9. Be3 Qc7 10. g5 Nd7 11. f4 b5 12. Qf2 Rb8 13. h4 Na5 14. Nxa5 Qxa5 15. Bd2
b4 16. Nd1 Bb7 17. Bg2 d5 18. exd5 Bxd5 19. Ne3 Bxg2 20. Qxg2 Qb5 21. Rf1 Bc5
22. Qe4 Qb7 23. Qxb7 Rxb7 24. O-O-O O-O 25. f5 exf5 26. Nxf5 Ne5 27. Bf4 Ng6
28. Bd6 Bxd6 29. Rxd6 a5 30. h5 Ne7 31. Ra6 Nxf5 32. Rxf5 Rc8 33. Raxa5 Rbc7
34. Rf2 Rb7 35. Rd5 Ra7 36. Rd4 Rxa2 37. Rxb4 Ra1+ 38. Kd2 Rh1 39. g6 hxg6 40.
hxg6 fxg6 41. Rg2 Rh3 42. Rd4 Kh7 43. b4 Rhc3 44. Kc1 R3c4 45. Rdg4 R8c7 46.
Kb2 R4c6 47. b5 Rc5 48. Rb4 g5 49. Kb3 Rc3+ 50. Kb2 R3c5 51. b6 Rb7 52. c4 Rc6
53. Rxg5 Rbxb6 54. Rxb6 Rxb6+ 55. Kc3 Kh6 56. Rg1 g5 57. c5 Rc6 58. Kd4 Kh5 59.
Kd5 Rc8 60. c6 g4 61. Kd6 Kh4 62. c7 g3 1/2-1/2

[Event "Ð§ÐµÐ¼Ð¿Ð¸Ð¾Ð½Ð°Ñ‚ ÐŸÐ¤Ðž Ð¿Ð¾ ÑˆÐ°Ñ…Ð¼Ð"]
[Site "Ð�Ð°Ð±ÐµÑ€ÐµÐ¶Ð½Ñ‹Ðµ Ð§ÐµÐ»Ð½Ñ"]
[Date "2024.03.24"]
[Round "5.7"]
[White "Ð¨ÐµÐ½ÐºÐµÑ€, Ð�Ð½Ð³ÐµÐ»Ð¸Ð½Ð°."]
[Black "Ð¯Ð³ÑƒÑ‚Ñ�Ð½, ÐœÐ°Ñ€Ð³Ð°Ñ€Ð¸Ñ‚Ð°."]
[Result "1-0"]
[WhiteElo "1830"]
[BlackElo "1676"]
[PlyCount "85"]
[EventDate "2024.03.20"]

1. d4 Nf6 2. Nf3 e6 3. c4 d5 4. g3 Bb4+ 5. Bd2 Bd6 6. Bg2 c6 7. Qc2 Nbd7 8. O-O
O-O 9. Bf4 Qe7 10. Bxd6 Qxd6 11. Nbd2 e5 12. cxd5 Nxd5 13. Nc4 Qe7 14. Ncxe5
N7f6 15. a3 Nc7 16. Rac1 Nb5 17. Rfd1 Nd6 18. Nd2 Ng4 19. Nxg4 Bxg4 20. Re1
Rfe8 21. e3 Bf5 22. Qc5 Qd7 23. e4 Be6 24. Nf3 Nb5 25. a4 b6 26. Qb4 a5 27. Qd2
Na7 28. Qc3 Rac8 29. Ng5 Red8 30. Nxe6 Qxe6 31. Rcd1 Qd7 32. Qb3 Rb8 33. d5 b5
34. dxc6 Qxc6 35. e5 Qc7 36. Rxd8+ Qxd8 37. e6 fxe6 38. Qxe6+ Kh8 39. Qf7 bxa4
40. Qxa7 Rxb2 41. Qxa5 Qf8 42. Qf5 Qd8 43. Bc6 1-0

[Event "Ð§ÐµÐ¼Ð¿Ð¸Ð¾Ð½Ð°Ñ‚ ÐŸÐ¤Ðž Ð¿Ð¾ ÑˆÐ°Ñ…Ð¼Ð"]
[Site "Ð�Ð°Ð±ÐµÑ€ÐµÐ¶Ð½Ñ‹Ðµ Ð§ÐµÐ»Ð½Ñ"]
[Date "2024.03.24"]
[Round "5.8"]
[White "Ð Ñ‹Ð¶Ð¾Ð²Ð°, ÐœÐ°Ñ€Ð¸Ñ�."]
[Black "Ð�Ð»Ð¸ÑˆÐµÐ²Ð°, Ð�Ð¹Ð³ÑƒÐ»ÑŒ."]
[Result "1-0"]
[WhiteElo "1803"]
[BlackElo "1636"]
[PlyCount "73"]
[EventDate "2024.03.20"]

1. d4 Nf6 2. c4 g6 3. Nf3 Bg7 4. h3 O-O 5. Bf4 d6 6. Nc3 c5 7. d5 Na6 8. e4 Nc7
9. Bd3 a6 10. a4 Rb8 11. O-O Bd7 12. e5 Nfe8 13. Qe2 dxe5 14. Nxe5 Nd6 15. a5
b5 16. axb6 Rxb6 17. Nxd7 Qxd7 18. Na4 Rb4 19. Nxc5 Qd8 20. Rab1 Re8 21. Qc2 e5
22. Bd2 Rb8 23. Ba5 Ra8 24. Ra1 Re7 25. Nxa6 Nde8 26. Nxc7 Nxc7 27. d6 Qxd6 28.
Bxc7 Qc6 29. Be4 Qxc7 30. Rxa8+ Bf8 31. Rd1 Rd7 32. Rxd7 Qxd7 33. Qd3 Qe7 34.
Qd8 Qb4 35. Qxf8+ Qxf8 36. Rxf8+ Kxf8 37. b4 1-0

[Event "Ð§ÐµÐ¼Ð¿Ð¸Ð¾Ð½Ð°Ñ‚ ÐŸÐ¤Ðž Ð¿Ð¾ ÑˆÐ°Ñ…Ð¼Ð"]
[Site "Ð�Ð°Ð±ÐµÑ€ÐµÐ¶Ð½Ñ‹Ðµ Ð§ÐµÐ»Ð½Ñ"]
[Date "2024.03.24"]
[Round "5.9"]
[White "Ð˜Ð´Ñ€Ð¸Ñ�Ð¾Ð²Ð°, Ð Ð¾Ð·Ð°."]
[Black "Ð®Ñ�ÑƒÐ¿Ð¾Ð²Ð°, Ð�Ð´ÐµÐ»ÑŒ."]
[Result "1-0"]
[WhiteElo "1855"]
[BlackElo "1746"]
[PlyCount "193"]
[EventDate "2024.03.20"]

1. d4 d5 2. Nf3 Nf6 3. Bf4 c5 4. e3 Nc6 5. Be2 Bg4 6. c3 e6 7. Nbd2 Qb6 8. Qb3
c4 9. Qxb6 axb6 10. O-O b5 11. a3 h6 12. h3 Bf5 13. Rfc1 Be7 14. Ne1 O-O 15.
Bd1 Ra6 16. Bc2 Bxc2 17. Nxc2 Rfa8 18. f3 Nd7 19. Kf2 e5 20. Bg3 Bf6 21. Re1
Re8 22. Rad1 Raa8 23. Kf1 Nb6 24. Rb1 Na4 25. Red1 exd4 26. exd4 Re6 27. Re1
Rae8 28. Rxe6 Rxe6 29. f4 Ne7 30. Bf2 g5 31. fxg5 Bxg5 32. Nf3 Bf4 33. g3 Bd6
34. g4 Ng6 35. Be3 Bf4 36. Bf2 Bd6 37. Be3 Kg7 38. Bd2 Bf4 39. Be1 Bd6 40. Bd2
Re4 41. Ne3 Ne7 42. Nh4 Bf4 43. Nhf5+ Nxf5 44. Nxf5+ Kg6 45. Bxf4 Rxf4+ 46. Kg2
Re4 47. Kf3 Re6 48. Kf4 Re4+ 49. Kf3 Re6 50. Ne3 Rf6+ 51. Kg3 Rd6 52. h4 Kh7
53. Rf1 Kg8 54. Rf5 Nxb2 55. Nxd5 Na4 56. Nf6+ Kf8 57. Ne4 Re6 58. Kf3 Rb6 59.
Kf4 Nb2 60. g5 Nd3+ 61. Kf3 hxg5 62. Nxg5 f6 63. Ne4 Kg7 64. Nc5 Ne1+ 65. Ke2
Nc2 66. a4 b4 67. a5 bxc3 68. axb6 Nxd4+ 69. Kd1 Nxf5 70. Nxb7 Nd4 71. Nd6 Kg6
72. b7 Nc6 73. Kc2 Kh5 74. Ne4 Kxh4 75. Nxf6 Kg5 76. Nd5 Nb8 77. Kxc3 Kf5 78.
Kxc4 Ke6 79. Kc5 Kd7 80. Kb6 Kd6 81. Nb4 Nd7+ 82. Ka7 Kc5 83. Nd3+ Kd6 84. Nf4
Kc6 85. Ne6 Kd5 86. Nf8 Ne5 87. Kb6 Nc6 88. Nd7 Kd6 89. Nc5 Nb8 90. Ne4+ Kd7
91. Nd2 Kd6 92. Nc4+ Kd7 93. Na3 Nc6 94. Nb5 Nb8 95. Ka7 Nc6+ 96. Ka8 Ke7 97.
Nd4 1-0

[Event "Ð§ÐµÐ¼Ð¿Ð¸Ð¾Ð½Ð°Ñ‚ ÐŸÐ¤Ðž Ð¿Ð¾ ÑˆÐ°Ñ…Ð¼Ð"]
[Site "Ð�Ð°Ð±ÐµÑ€ÐµÐ¶Ð½Ñ‹Ðµ Ð§ÐµÐ»Ð½Ñ"]
[Date "2024.03.24"]
[Round "5.10"]
[White "Ð¡Ð°Ð´Ñ€Ñ‚Ð´Ð¸Ð½Ð¾Ð²Ð°, Ð¡Ð¾Ñ„Ð¸Ñ�."]
[Black "ÐšÐ°Ð»ÑƒÐ³Ð¸Ð½Ð°, ÐœÐ°Ñ€Ð¸Ñ�."]
[Result "0-1"]
[WhiteElo "1534"]
[BlackElo "1705"]
[PlyCount "120"]
[EventDate "2024.03.20"]

1. d4 d5 2. Nc3 Nf6 3. Bg5 a6 4. Nf3 Nbd7 5. e3 e6 6. a3 Be7 7. Bd3 O-O 8. O-O
c5 9. a4 b6 10. Ne5 Nxe5 11. dxe5 Nd7 12. Bxe7 Qxe7 13. f4 Rd8 14. Rf3 Nf8 15.
Rg3 f6 16. Qh5 c4 17. Be2 Bd7 18. exf6 Qxf6 19. Qg5 Qxg5 20. Rxg5 Be8 21. Bf3
h6 22. Rg3 Bg6 23. Rc1 Rac8 24. Ne2 Kf7 25. c3 Nd7 26. Nd4 Nc5 27. Ra1 Rd6 28.
Kf1 Kf6 29. h4 Be8 30. Bd1 Bg6 31. Bf3 Nd3 32. Ra2 Rc5 33. Be2 Nc1 34. Ra1 Nxe2
35. Kxe2 Be8 36. Nf3 Ra5 37. Ne5 b5 38. Re1 Rxa4 39. Kd2 b4 40. Rb1 Rb6 41. e4
bxc3+ 42. Rxc3 Rab4 43. exd5 exd5 44. Kc1 a5 45. g3 a4 46. g4 d4 47. Rxc4 Rxc4+
48. Nxc4 Rc6 49. Kd2 Rxc4 50. Kd3 Rb4 51. Kd2 Rb3 52. g5+ hxg5 53. fxg5+ Ke7
54. Re1+ Re3 55. Rxe3+ dxe3+ 56. Kxe3 Ke6 57. Ke4 Bg6+ 58. Kf4 Kd5 59. Kg4 Kc4
60. h5 Bb1 0-1

[Event "Ð§ÐµÐ¼Ð¿Ð¸Ð¾Ð½Ð°Ñ‚ ÐŸÐ¤Ðž Ð¿Ð¾ ÑˆÐ°Ñ…Ð¼Ð"]
[Site "Ð�Ð°Ð±ÐµÑ€ÐµÐ¶Ð½Ñ‹Ðµ Ð§ÐµÐ»Ð½Ñ"]
[Date "2024.03.24"]
[Round "5.11"]
[White "Ð¢Ð°Ð·ÐµÑ‚Ð´Ð¸Ð½Ð¾Ð²Ð°, Ð�Ð´ÐµÐ»Ñ�."]
[Black "Ð¢Ñ€Ð¸ÑˆÐºÐ¸Ð½Ð°, Ð•Ð²Ð³ÐµÐ½Ð¸Ñ�."]
[Result "1-0"]
[WhiteElo "1763"]
[BlackElo "1555"]
[PlyCount "69"]
[EventDate "2024.03.20"]

1. e4 c5 2. Nc3 d6 3. f4 g6 4. Nf3 Bg7 5. Bc4 Nc6 6. O-O e6 7. d3 Nge7 8. Qe1
O-O 9. f5 d5 10. Bb3 d4 11. Ne2 exf5 12. Qh4 Ne5 13. Bg5 Re8 14. Nxe5 Bxe5 15.
g4 Qd6 16. Rf3 h5 17. gxf5 gxf5 18. Kf2 Be6 19. Qxh5 Bxb3 20. Bxe7 Rxe7 21.
Rg1+ Kf8 22. Qh7 Ree8 23. axb3 Ke7 24. Rxf5 Qe6 25. Qh4+ Kd7 26. Nf4 Qe7 27.
Qg4 Kc6 28. Nd5 Qe6 29. Qg5 Rad8 30. h4 Rd6 31. Qh5 Rd7 32. Rgg5 f6 33. Rxe5
fxe5 34. Rg6 Qxg6 35. Qxg6+ 1-0

[Event "Ð§ÐµÐ¼Ð¿Ð¸Ð¾Ð½Ð°Ñ‚ ÐŸÐ¤Ðž Ð¿Ð¾ ÑˆÐ°Ñ…Ð¼Ð"]
[Site "Ð�Ð°Ð±ÐµÑ€ÐµÐ¶Ð½Ñ‹Ðµ Ð§ÐµÐ»Ð½Ñ"]
[Date "2024.03.24"]
[Round "5.12"]
[White "ÐœÐ¸Ñ„Ñ‚Ð°Ñ…Ð¾Ð²Ð°, Ð�Ð·Ð°Ð»Ð¸Ñ�."]
[Black "ÐšÑƒÐ·ÑŒÐ¼Ð¸Ð½Ð°, Ð’Ð°Ñ€Ð²Ð°Ñ€Ð°."]
[Result "1-0"]
[WhiteElo "1758"]
[BlackElo "1693"]
[PlyCount "91"]
[EventDate "2024.03.20"]

1. e4 c5 2. Nf3 Nc6 3. Bb5 g6 4. Bxc6 bxc6 5. d3 Bg7 6. O-O d5 7. e5 Bg4 8. Bf4
e6 9. h3 Bxf3 10. Qxf3 Qb8 11. Qe3 Ne7 12. Nd2 Qxb2 13. c4 Qd4 14. Nb3 Qxe3 15.
fxe3 dxc4 16. dxc4 g5 17. Bxg5 Bxe5 18. Rad1 Nf5 19. Nxc5 Rg8 20. Ne4 Rg6 21.
Rd3 h6 22. Bf4 Bxf4 23. exf4 Kf8 24. Kf2 Rg8 25. Nf6 Rh8 26. Nd7+ Kg7 27. Ne5
Rab8 28. g4 Rb2+ 29. Kf3 Nh4+ 30. Kg3 Ng6 31. Rd7 Rf8 32. Rxa7 Nxe5 33. fxe5
Re2 34. Ra5 Rd8 35. Rf3 h5 36. a4 Re4 37. gxh5 Rd7 38. Rc5 Ra7 39. a5 Kh6 40.
Ra3 Kxh5 41. a6 Kg5 42. Rxc6 Rxe5 43. Rb6 Rc5 44. Rb5 Rf5 45. Rb7 Ra8 46. a7
1-0

[Event "Ð§ÐµÐ¼Ð¿Ð¸Ð¾Ð½Ð°Ñ‚ ÐŸÐ¤Ðž Ð¿Ð¾ ÑˆÐ°Ñ…Ð¼Ð"]
[Site "Ð�Ð°Ð±ÐµÑ€ÐµÐ¶Ð½Ñ‹Ðµ Ð§ÐµÐ»Ð½Ñ"]
[Date "2024.03.24"]
[Round "5.13"]
[White "Ð˜Ð²Ð°Ð½Ð°ÐµÐ²Ð°, Ð�Ð»Ð¸Ð½Ð°."]
[Black "ÐŸÐ¾Ð¼Ð¾Ñ€Ñ†ÐµÐ²Ð°, ÐžÐ»ÑŒÐ³Ð°."]
[Result "0-1"]
[WhiteElo "1824"]
[BlackElo "1694"]
[PlyCount "138"]
[EventDate "2024.03.20"]

1. e4 c5 2. c4 Nc6 3. Nc3 g6 4. g3 Bg7 5. Bg2 e6 6. d3 d6 7. Nge2 a6 8. Bf4 Rb8
9. Qd2 Nd4 10. Rc1 b5 11. O-O b4 12. Nd1 Ne7 13. Nxd4 cxd4 14. c5 e5 15. Bh6
O-O 16. Bxg7 Kxg7 17. f4 h6 18. Nf2 Rb5 19. cxd6 Qxd6 20. fxe5 Qxe5 21. Nh3 g5
22. Kh1 Be6 23. Ng1 Qd6 24. Nf3 Ng6 25. Qf2 Rd8 26. b3 Rc5 27. Rxc5 Qxc5 28.
Nh4 Qe5 29. Nf5+ Kh7 30. Qd2 a5 31. Qd1 Bxf5 32. exf5 Ne7 33. f6 Ng6 34. Be4
Qd6 35. Qh5 Re8 36. Qf3 Re5 37. Qg4 Re6 38. Qf5 Re5 39. Qf3 Re8 40. h4 Rxe4 41.
dxe4 gxh4 42. gxh4 Nxh4 43. Qh5 Ng6 44. Qd5 Qc7 45. Qxd4 Qg3 46. Qf2 Qg4 47.
Qg2 Qe6 48. Kg1 Qb6+ 49. Rf2 Qd4 50. Qg4 Qa1+ 51. Kg2 Qd4 52. Qf5 Qe3 53. e5
Kg8 54. Kh2 Nxe5 55. Rg2+ Ng6 56. Qc8+ Kh7 57. Qf5 Qe8 58. Kh3 Qe3+ 59. Rg3 Qe8
60. Rg2 Kh8 61. Rg3 Qe1 62. Qf3 Qe6+ 63. Kh2 Qe5 64. Qa8+ Kh7 65. Qf3 Nh4 66.
Qd3+ Nf5 67. Kg2 Qxg3+ 68. Qxg3 Nxg3 69. Kxg3 Kg6 0-1

[Event "Ð§ÐµÐ¼Ð¿Ð¸Ð¾Ð½Ð°Ñ‚ ÐŸÐ¤Ðž Ð¿Ð¾ ÑˆÐ°Ñ…Ð¼Ð"]
[Site "Ð�Ð°Ð±ÐµÑ€ÐµÐ¶Ð½Ñ‹Ðµ Ð§ÐµÐ»Ð½Ñ"]
[Date "2024.03.24"]
[Round "5.14"]
[White "Ð¢ÐµÑ�Ñ‚Ð¾Ð²Ð°, Ð�Ð¸ÐºÐ°."]
[Black "Ð�Ñ€Ð¸Ñ�Ñ‚Ð¾Ð²Ð°, Ð®Ð»Ð¸Ñ�."]
[Result "1-0"]
[WhiteElo "1810"]
[BlackElo "1676"]
[PlyCount "93"]
[EventDate "2024.03.20"]

1. e4 c5 2. Nf3 Nc6 3. d4 cxd4 4. Nxd4 e5 5. Nb5 a6 6. Nd6+ Bxd6 7. Qxd6 Qe7 8.
Qd1 Nf6 9. Nc3 d6 10. Be2 h6 11. a4 Be6 12. Be3 O-O 13. Qd2 Nb4 14. f4 exf4 15.
Bxf4 d5 16. O-O Rfd8 17. Bxh6 Qc5+ 18. Be3 d4 19. Bf2 Qa5 20. Nd5 Nxe4 21. Qxb4
Qxd5 22. Bf3 a5 23. Qe1 f5 24. Rd1 Qe5 25. Bg3 Qd5 26. b3 Qc6 27. Rf2 Bd5 28.
Bxe4 Bxe4 29. Qe2 Rac8 30. Rd2 Re8 31. Qd1 Qc3 32. Rfe2 Qc6 33. h3 Qg6 34. Kh2
Rc3 35. Bf4 Rec8 36. Rxd4 Rxc2 37. Rdxe4 fxe4 38. Rxc2 Rf8 39. Qd5+ Kh7 40. Bg3
Rf1 41. Rc5 b6 42. Qh5+ Qxh5 43. Rxh5+ Kg6 44. Re5 Rb1 45. Rxe4 Rxb3 46. Bc7
Kf5 47. Re5+ 1-0

[Event "Ð§ÐµÐ¼Ð¿Ð¸Ð¾Ð½Ð°Ñ‚ ÐŸÐ¤Ðž Ð¿Ð¾ ÑˆÐ°Ñ…Ð¼Ð"]
[Site "Ð�Ð°Ð±ÐµÑ€ÐµÐ¶Ð½Ñ‹Ðµ Ð§ÐµÐ»Ð½Ñ"]
[Date "2024.03.24"]
[Round "5.15"]
[White "Ð§ÐµÑ€Ð½Ñ‹ÑˆÐ¾Ð²Ð°, Ð�Ð»Ð¸Ñ�Ð°."]
[Black "ÐšÐ¸Ñ€ÑŒÑ�Ð½Ð¾Ð²Ð°, Ð¡Ð½ÐµÐ¶Ð°Ð½Ð°."]
[Result "1-0"]
[WhiteElo "1660"]
[BlackElo "1515"]
[PlyCount "97"]
[EventDate "2024.03.20"]

1. e4 e6 2. d4 d5 3. Nc3 Bb4 4. e5 c5 5. a3 Bxc3+ 6. bxc3 Ne7 7. Qg4 Qc7 8.
Qxg7 Rg8 9. Qxh7 cxd4 10. Ne2 Nbc6 11. f4 Bd7 12. Qd3 dxc3 13. Rb1 O-O-O 14.
Nxc3 Nf5 15. Nb5 Qb8 16. Be3 a6 17. Nd4 Ncxd4 18. Bxd4 Nxd4 19. Qxd4 Qc7 20.
Qb4 Bc6 21. c3 Rdf8 22. Qd4 f6 23. exf6 Rg6 24. g3 Rgxf6 25. Be2 Rh6 26. Kd2
Re8 27. Bg4 Kb8 28. Rbe1 Qe7 29. Qe5+ Ka8 30. Qg5 Qh7 31. Qe5 d4 32. h3 Bxh1
33. Rxh1 dxc3+ 34. Qxc3 Rd8+ 35. Ke3 Qe7 36. Rb1 e5 37. Qxe5 Qxa3+ 38. Kf2 Rhd6
39. Qe4 Qc5+ 40. Kf1 Qc7 41. Bf3 Rb6 42. Ra1 Qg7 43. Ra2 Qd7 44. Ra3 Qxh3+ 45.
Kf2 Rb2+ 46. Ke3 Qc8 47. Rxa6+ Kb8 48. Qe5+ Qc7 49. Ra8+ 1-0

[Event "Ð§ÐµÐ¼Ð¿Ð¸Ð¾Ð½Ð°Ñ‚ ÐŸÐ¤Ðž Ð¿Ð¾ ÑˆÐ°Ñ…Ð¼Ð"]
[Site "Ð�Ð°Ð±ÐµÑ€ÐµÐ¶Ð½Ñ‹Ðµ Ð§ÐµÐ»Ð½Ñ"]
[Date "2024.03.24"]
[Round "5.16"]
[White "ÐœÐ°Ð»ÑŒÑ†ÐµÐ²Ð°, Ð�Ð»ÐµÐºÑ�Ð°Ð½Ð´Ñ€Ð°."]
[Black "Ð¢ÐºÐ°Ñ‡ÐµÐ½ÐºÐ¾, ÐšÐ°Ñ€Ð¾Ð»Ð¸Ð½Ð°."]
[Result "1-0"]
[WhiteElo "1607"]
[BlackElo "1473"]
[PlyCount "100"]
[EventDate "2024.03.20"]

1. e4 d6 2. d4 Nf6 3. Nc3 g6 4. f4 Bg7 5. Nf3 O-O 6. Bc4 Bg4 7. O-O Nc6 8. Be3
Nxe4 9. Nxe4 d5 10. Nf2 Bxf3 11. Qxf3 dxc4 12. c3 e6 13. Rae1 Rb8 14. Ng4 Qd5
15. Qh3 Ne7 16. Bf2 Nf5 17. Bh4 Nxh4 18. Qxh4 Qd8 19. Qh3 c6 20. Ne5 Qd5 21.
Ng4 Qd8 22. Rf3 Qb6 23. Nh6+ Kh8 24. Qh4 Qd8 25. Qh3 Qc7 26. g4 Rfe8 27. Qh4
Qe7 28. g5 Bxh6 29. Qxh6 Qf8 30. Qh4 Rbd8 31. Rh3 Qg7 32. Qg4 f5 33. Qe2 b5 34.
Qf3 Rd6 35. Qe3 a6 36. Rh6 Re7 37. Rf1 Rd5 38. Rf3 Qg8 39. Rfh3 a5 40. a3 a4
41. Rg3 Rg7 42. h4 Qf7 43. Rh3 Kg8 44. h5 gxh5 45. R3xh5 Kf8 46. Qh3 Rd7 47.
Kf2 Ke8 48. Qh1 Rc7 49. Qe1 Rd7 50. Rh3 Rd5 1-0

[Event "Ð§ÐµÐ¼Ð¿Ð¸Ð¾Ð½Ð°Ñ‚ ÐŸÐ¤Ðž Ð¿Ð¾ ÑˆÐ°Ñ…Ð¼Ð"]
[Site "Ð�Ð°Ð±ÐµÑ€ÐµÐ¶Ð½Ñ‹Ðµ Ð§ÐµÐ»Ð½Ñ"]
[Date "2024.03.24"]
[Round "5.17"]
[White "ÐžÑ�Ð¼Ð°Ð½Ð¾Ð²Ð°, Ð�Ð»Ð¸Ð½Ð°."]
[Black "Ð�Ð¼Ð¸Ð½Ð¾Ð²Ð°, Ð—Ð°Ñ€Ð¸Ð½Ð°."]
[Result "0-1"]
[WhiteElo "1612"]
[BlackElo "1649"]
[PlyCount "98"]
[EventDate "2024.03.20"]

1. e4 c6 2. Nf3 d5 3. exd5 cxd5 4. d4 Nc6 5. Bf4 Nf6 6. h3 Bf5 7. c3 a6 8. Bd3
Bxd3 9. Qxd3 e6 10. Nbd2 h6 11. Rc1 Bd6 12. Bxd6 Qxd6 13. b3 O-O 14. O-O Rfd8
15. Rfe1 b5 16. Ne5 Rac8 17. Kh1 Nd7 18. Ndf3 Ncxe5 19. Nxe5 Nxe5 20. dxe5 Qc5
21. Qd4 Rc7 22. Qd2 Rdc8 23. f4 a5 24. Kh2 a4 25. Red1 Qa3 26. Qc2 axb3 27.
axb3 Qa5 28. Rd3 Qa6 29. Qd2 Qa3 30. b4 Rc4 31. Rc2 Qa7 32. h4 Qc7 33. g3 Rxb4
34. cxb4 Qxc2 35. Qxc2 Rxc2+ 36. Kg1 Rb2 37. Rd4 f6 38. Kf1 Kf7 39. Ke1 h5 40.
Kd1 Rb3 41. Ke2 Rxg3 42. Rd3 Rg4 43. Ke3 fxe5 44. Rc3 Rxf4 45. Rc7+ Kf6 46. Rc8
Rxb4 47. Rf8+ Ke7 48. Rg8 Kf7 49. Rh8 Rxh4 0-1